Score 0/35 Timer 05:00
0 Plays Today
Hint 4-Letter Word % Correct
Unwanted garden plantWEED
96.9%
Lacking strengthWEAK
96.4%
Sunday through SaturdayWEEK
96.4%
UntamedWILD
95.8%
Join metals by heatWELD
95.6%
Dead man's testamentWILL
95.1%
Desire, fancyWANT
95%
Sentence componentWORD
95%
Brick or stone barrierWALL
94.9%
Mickey Mouse creator DisneyWALT
94.2%
Inform of dangerWARN
93.9%
Viral skin growthWART
93.9%
Deep, underground water sourceWELL
93.8%
Tattered, frayedWORN
92.4%
Red skin bump left by blowWELT
91.9%
Job site activityWORK
91.5%
Cleanse, launderWASH
90.3%
Saunter, amble alongWALK
90%
Hint 4-Letter Word % Correct
Hopeful desireWISH
89.5%
Medicinal herbWORT
89.2%
Decline, diminishWANE
88.6%
Item for saleWARE
87.3%
Prosperous state of beingWEAL
87.2%
Preposition of accompanimentWITH
86%
Departed, exitedWENT
82.6%
Scottish for buildingWARK
82.6%
Pause, tarryWAIT
81.7%
With 'Out,' correction fluidWITE
80.1%
Corduroy ridgeWALE
63%
Manipulative stratagemWILE
61.7%
2nd pers. sing. past of 'be' (arch.)WAST
55.6%
Customary behavior WONT
43.4%
Very small amountWHIT
43%
2nd pers. sing. present of verb 'wit'WOST
35.5%
Genius, hotshotWHIZ
32.6%

Today's Daily Dose

You're not logged in!

Compare scores with friends on all Sporcle quizzes.
OR
Log In

Sporcle TV

Today on Sporcle TV


Watch our educational content, quiz creation guides, and fun videos on Sporcle TV.

Show Comments

Extras

Top Quizzes Today


Score Distribution

Your Account Isn't Verified!

In order to create a playlist on Sporcle, you need to verify the email address you used during registration. Go to your Sporcle Settings to finish the process.

Report this User

Report this user for behavior that violates our Community Guidelines.

Details: